| 000 | 00480cam a2200193 4500 | ||
|---|---|---|---|
| 001 | D2598 | ||
| 008 | 090401t1977 xxu||||| |||| 00| 0 eng d | ||
| 035 | _a(Sirsi) u69808 | ||
| 041 | _aeng | ||
| 050 | _a333.007 | ||
| 110 |
_aCommonwealth Association of Surveying and Land Economy _92570 |
||
| 245 | _aEducation for surveying and land economy | ||
| 250 | _a2nd | ||
| 260 |
_aLondon _bCASLE _c1977 |
||
| 300 | _a38p. 30cm | ||
| 350 | _a0 | ||
| 942 | _n0 | ||
| 948 | _c04/03/1997 | ||
| 999 |
_c95235 _d95235 |
||